[Event "ROM-chT2"]
[Site "Gilau"]
[Date "2018.10.09"]
[Round "3.4"]
[White "Vajda, Albert"]
[Black "Balint, Gyorgy"]
[Result "1-0"]
[WhiteElo "2398"]
[BlackElo "1933"]
[PlyCount "51"]
[EventDate "2018.10.07"]
[EventType "team-swiss"]
[EventRounds "9"]
[EventCountry "ROU"]
[SourceTitle "CBM 187 Extra"]
[Source "ChessBase"]
[SourceDate "2018.11.04"]
[SourceVersion "1"]
[SourceVersionDate "2018.11.04"]
[SourceQuality "1"]
[WhiteTeam "Oltenia Pro Logos"]
[BlackTeam "Bistrita"]
[WhiteTeamCountry "ROU"]
[BlackTeamCountry "ROU"]

1. e4 e5 2. Nf3 Nc6 3. Bb5 a6 4. Ba4 Nf6 5. d3 b5 6. Bb3 Bc5 7. c3 d6 8. 0-0 0-0 9. Bg5 a5 10. a4 b4 11. Nbd2 Be6 12. Nc4 h6 13. Bh4 bxc3 14. bxc3 Rb8 15. Ba2 Qe7 16. Re1 Rfd8 17. d4 exd4 18. cxd4 Bxc4 19. Bxc4 Bb4 20. Re3 g5 21. Nxg5 hxg5 22. Bxg5 Nxd4 23. Rg3 Kf8 24. Qxd4 Qe5 25. Bxf6 Qxd4 26. Bxd4 1-0

[Event "ROM-chT2"]
[Site "Slanic Moldova"]
[Date "2017.10.06"]
[Round "7.5"]
[White "Mihailov, Iulian"]
[Black "Balint, Gyorgy"]
[Result "1-0"]
[WhiteElo "2044"]
[BlackElo "1954"]
[PlyCount "71"]
[EventDate "2017.09.30"]
[EventType "team-tourn"]
[EventRounds "9"]
[EventCountry "ROU"]
[SourceTitle "CBM 181 Extra"]
[Source "ChessBase"]
[SourceDate "2017.12.12"]
[SourceVersion "1"]
[SourceVersionDate "2017.12.12"]
[SourceQuality "1"]
[WhiteTeam "Constanta Fianchetto"]
[BlackTeam "Bistrita"]
[WhiteTeamCountry "ROU"]
[BlackTeamCountry "ROU"]

1. e4 e6 2. Nc3 d5 3. Nf3 Nf6 4. e5 Nfd7 5. d4 c5 6. dxc5 Bxc5 7. Bd3 Nc6 8. Bf4 Qc7 9. Qe2 a6 10. 0-0 b5 11. Rae1 Ne7 12. Ng5 Nf8 13. a4 Neg6 14. Bg3 h6 15. Nf3 b4 16. Nd1 Bb7 17. c3 Qa5 18. Nd4 Bxd4 19. cxd4 Qxa4 20. f4 Ne7 21. Ne3 g6 22. Ng4 Nd7 23. Bh4 Qa5 24. Qf2 Qb6 25. Bf6 Nxf6 26. Nxf6+ Kd8 27. Rc1 Nc6 28. Rc5 Na5 29. Qh4 g5 30. fxg5 Nb3 31. gxh6 Rxh6 32. Qxh6 Nxc5 33. Qf8+ Kc7 34. dxc5 Rxf8 35. cxb6+ Kb8 36. Nd7+ 1-0

[Event "ROM-chT2"]
[Site "Mamaia"]
[Date "2015.10.09"]
[Round "7.4"]
[White "Balint, Gyorgy"]
[Black "Vrencian, Lehel"]
[Result "0-1"]
[WhiteElo "2028"]
[BlackElo "2186"]
[PlyCount "52"]
[EventDate "2015.10.03"]
[EventType "team-tourn"]
[EventRounds "9"]
[EventCountry "ROU"]
[SourceTitle "CBM 169 Extra"]
[Source "ChessBase"]
[SourceDate "2015.12.18"]
[SourceVersion "1"]
[SourceVersionDate "2015.12.18"]
[SourceQuality "1"]
[WhiteTeam "Bistrita"]
[BlackTeam "Arad Vados"]
[WhiteTeamCountry "ROU"]
[BlackTeamCountry "ROU"]

1. e4 c5 2. Nf3 e6 3. d4 cxd4 4. Nxd4 Nc6 5. Nc3 Qc7 6. a3 a6 7. Be3 Nf6 8. g4 h5 9. gxh5 Rxh5 10. f4 d6 11. Bg2 Bd7 12. Qe2 Be7 13. Bf3 Rh8 14. 0-0-0 Na5 15. Rhe1 Nc4 16. Bg1 0-0-0 17. Qf2 d5 18. e5 Qb6 19. b3 Bxa3+ 20. Kb1 Ne8 21. Bxd5 Qa5 22. Nde2 exd5 23. Rxd5 Qb4 24. Red1 Nc7 25. R5d4 Bf5 26. Rxc4 Qxb3+ 0-1

[Event "ROM-chT2"]
[Site "Mamaia"]
[Date "2015.10.07"]
[Round "5.4"]
[White "Balint, Gyorgy"]
[Black "Done, Stefan Daniel"]
[Result "0-1"]
[WhiteElo "2028"]
[BlackElo "2112"]
[PlyCount "60"]
[EventDate "2015.10.03"]
[EventType "team-tourn"]
[EventRounds "9"]
[EventCountry "ROU"]
[SourceTitle "CBM 169 Extra"]
[Source "ChessBase"]
[SourceDate "2015.12.18"]
[SourceVersion "1"]
[SourceVersionDate "2015.12.18"]
[SourceQuality "1"]
[WhiteTeam "Bistrita"]
[BlackTeam "Buzau Pheonix"]
[WhiteTeamCountry "ROU"]
[BlackTeamCountry "ROU"]

1. e4 e5 2. Nf3 Nf6 3. Nxe5 d6 4. Nf3 Nxe4 5. Nc3 Nxc3 6. dxc3 Be7 7. Be3 0-0 8. Qd2 Qe8 9. 0-0-0 Qa4 10. Kb1 Nc6 11. Nd4 Nxd4 12. cxd4 Bf5 13. f3 c5 14. g4 Bg6 15. h4 cxd4 16. Bxd4 Rfc8 17. Rc1 Rxc2 18. Rxc2 Bxc2+ 19. Ka1 Rc8 20. Bc3 d5 21. Bd3 Bxd3 22. Qxd3 Qc4 23. Qd2 b5 24. Rd1 b4 25. Bd4 b3 26. axb3 Qxb3 27. g5 Rc1+ 28. Rxc1 Qd3 29. Rc8+ Bf8 30. Bc5 Qa6+ 0-1

[Event "ROM-chT2"]
[Site "Mamaia"]
[Date "2015.10.04"]
[Round "2.4"]
[White "Balint, Gyorgy"]
[Black "Prundeanu, Horia"]
[Result "0-1"]
[WhiteElo "2028"]
[BlackElo "2098"]
[PlyCount "104"]
[EventDate "2015.10.03"]
[EventType "team-tourn"]
[EventRounds "9"]
[EventCountry "ROU"]
[SourceTitle "CBM 169 Extra"]
[Source "ChessBase"]
[SourceDate "2015.12.18"]
[SourceVersion "1"]
[SourceVersionDate "2015.12.18"]
[SourceQuality "1"]
[WhiteTeam "Bistrita"]
[BlackTeam "Timisoara Sinandrei"]
[WhiteTeamCountry "ROU"]
[BlackTeamCountry "ROU"]

1. e4 d5 2. exd5 Qxd5 3. Nc3 Qa5 4. d4 Nf6 5. Bc4 c6 6. Nge2 Bf5 7. 0-0 e6 8. Ng3 Bg6 9. Re1 Be7 10. Bf4 Nd5 11. Bd2 Qd8 12. Nce4 0-0 13. Qe2 Nd7 14. Rad1 h6 15. Bb3 Re8 16. c4 N5f6 17. Nc3 Bf8 18. Bf4 Qa5 19. Qe3 c5 20. Be5 cxd4 21. Qxd4 Nxe5 22. Rxe5 Qd8 23. Ree1 Qxd4 24. Rxd4 Bc5 25. Rdd1 Red8 26. a3 a6 27. Ba4 a5 28. h3 Kf8 29. Bb3 Ke7 30. Nb5 Rxd1 31. Rxd1 Rd8 32. Ne2 Rxd1+ 33. Bxd1 Ne4 34. Nbd4 e5 35. Nb3 Bxf2+ 36. Kf1 Bb6 37. Nec1 Bc7 38. Bf3 a4 39. Bxe4 Bxe4 40. Nc5 Bc6 41. Ne2 b6 42. Nd3 Bb7 43. Nc3 Ba6 44. Nd5+ Kd6 45. Nxc7 Bxc4 46. Ne8+ Ke7 47. Nxg7 Bxd3+ 48. Ke1 Bg6 49. g4 Kf8 50. Nf5 Bxf5 51. gxf5 Ke7 52. Ke2 Kd6 0-1